1819 1807 1098 1142 1726 1440 1400 1574 1596 1176 1689 1571 1882 1274 1094 1714 1435 1682 1670 1910 1964 1760 1455 1964 1215 1771 1231 1018 1266 1393 1649 1274 1628 1616 1781 1693 1875 1107 1787 1381 1211 1906 1494 1556 1216 1121 1055 1949 1352 1981 1089 1877 1125 1295 1056 1914 1828 1710 1744 1081 1214 1825 1599 1953 1337 1083 1606 1392 1946 1644 1362 1269 1376 1511 1245 1079 1796 1729 1678 1345 1615 1442 1390 1953 1520 1337 1152 1071 1585 1649 1175 1289 1632 1365 1700 1324 1140 1536 1600 BCNSPRNW ULIB Ver.6.0+V

เปลี่ยนเป็นภาษาไทย

Change to English
 แสดงรายละเอียดบรรณานุกรม
  กลับหน้าหลัก

Brief Record : Get Marc (ISO 2709) : E-mail record : QR code < ปิดหน้าต่าง
LEADER : 00000nam 2200000uu 4500
001    13399112074
003     ULIB
008    110627s2551||||th 000 0 tha d
099    วจ.WY18.5^bพ172ป
100 0  พจนา ปิยะปกรณ์ชัย
245 00 ปัจจัยที่มีผลต่อผลการสอบประเมินความรู้ผู้ขอขึ้นทะเบียนและรับใบอนุญาตประกอบวิชาชีพพยาบาลและผดุงครรภ์ ชั้นหนึ่ง ปีการศึกษา 2549 ของผู้สำเร็จการศึกษาจากวิทยาลัยพยาบาลเครือข่ายภาคเหนือ/^cพจนา ปิยะปกรณ์ชัย
260    พิษณุโลก :^bวิทยาลัยพยาบาลบรมราชชนนี พุทธชินราช,^c2551
300    131 หน้า
650  7 วิทยาลัยพยาบาลบรมราชชนนี พุทธชินราช
650  7 การสอบ^xใบอนุญาตประกอบวิชาชีพพยาบาล^xวิจัย
945    ^p0^l0^i027804
995    ทศพร
999 ^a ใช้งานได้ทุกระบบ
รายการนี้ยังไม่มีแท็ก
คุณยังไม่ได้ล็อกอิน คุณสามารถมีกิจกรรมร่วมกับเว็บไซต์ได้ แต่ต้องล็อกอินก่อน ::
  ล็อกอิน

รายการสื่อสารสนเทศ

ลำดับที่ ประเภท เลขเรียก/บาร์โค้ด สถานที่ สถานะ
- ไม่พบข้อมูล -

รายการใกล้เคียง
    ผู้แต่ง [พจนา ปิยะปกรณ์ชัย]

    หัวเรื่อง [วิทยาลัยพยาบาลบรมราชชนนี พุทธชินราช]

BibComment


ยังไม่เคยถูกคอมเมนท์

คอมเมนท์ทรัพยากรรายการนี้
  คอมเมนท์: ปัจจัยที่มีผลต่อผ..


 Copyright 2026. Bcnsprnw @Library